El trabajo manual del clero / (Record no. 144504)

MARC details
000 -LEADER
campo de control de longitud fija 00741nam a2200193 i 4500
001 - NÚMERO DE CONTROL
campo de control 144504
003 - IDENTIFICADOR DE NÚMERO DE CONTROL
campo de control ES-MaACL
005 - FECHA Y HORA DE LA ÚLTIMA TRANSACCIÓN
campo de control 20230906201031.0
008 - DATOS DE LONGITUD FIJA--INFORMACIÓN GENERAL
campo de control de longitud fija 070214s1968 sp |||| | spa d
100 1# - ENTRADA PRINCIPAL--NOMBRE DE PERSONA
Nombre de persona Silva, Rafael
Títulos y otros términos asociados al nombre (profesor de Teología)
9 (RLIN) 106383
245 13 - MENCIÓN DEL TÍTULO
Título El trabajo manual del clero /
Mención de responsabilidad, etc. Rafael Silva, J.R. Barreiro Fernández, J.J. Cebrián Franco ; prólogo de José María González Ruiz.
260 ## - PUBLICACIÓN, DISTRIBUCIÓN, ETC.
Lugar de publicación, distribución, etc. Santiago de Compostela :
Nombre del editor, distribuidor, etc. Porto y Cía.,
Fecha de publicación, distribución, etc. 1968.
300 ## - DESCRIPCIÓN FÍSICA
Extensión XX, 225 p. ;
Dimensiones 19 cm.
650 #4 - PUNTO DE ACCESO ADICIONAL DE MATERIA--TÉRMINO DE MATERIA
Término de materia o nombre geográfico como elemento de entrada Sacerdotes obreros.
9 (RLIN) 161177
700 1# - ENTRADA AGREGADA--NOMBRE PERSONAL
Nombre de persona Barreiro Fernández, Xosé Ramón.
9 (RLIN) 150990
700 1# - ENTRADA AGREGADA--NOMBRE PERSONAL
Nombre de persona Cebrián Franco, Juan José.
9 (RLIN) 37299
700 1# - ENTRADA AGREGADA--NOMBRE PERSONAL
Nombre de persona González Ruiz, José María.
9 (RLIN) 58943
852 ## - LOCALIZACIÓN
Ubicación ES-MaACL
Número de control de estantería C-34449
Holdings
Estatus retirado Estado de pérdida Estado de daño No para préstamo Biblioteca de origen Biblioteca actual Ubicación en estantería Fecha de adquisición Fuente de adquisición Total de préstamos Signatura topográfica completa Código de barras Visto por última vez Precio de reemplazo Tipo de ítem Koha
        Biblioteca del Ateneo de Madrid Biblioteca del Ateneo de Madrid Depósito 2 17/01/2008     C-34449 1150348 23/02/2023 23/02/2023 Libro impreso